000 00363nam a2200157 i 4500
001 bg
245 0 _aVibrations of engineering structures.
260 _aBerlin :
_bSpringer-Verlag,
_c1985.
020 _a3540139591
040 _cBPK
041 _apol
080 _a624
920 _a3-540-13959-1
942 _cKS
008 s pl f |000 0 pol
999 _c29129
_d29129
856 _uhttp://koha.tu.koszalin.pl/cgi-bin/koha/opac-detail.pl?biblionumber=29129
_yKatalog online BPK